| 000 | 00565nam a2200169Ia 4500 | ||
|---|---|---|---|
| 003 | IN-BaIIA | ||
| 008 | 211028s9999 xx 000 0 eng d | ||
| 040 | _cIIA Library | ||
| 080 |
_a(035)5 _bHER |
||
| 245 | 2 |
_aA manual of scientific enquiry _bprepared for the use of officers in Her Majesty's navy and travellers in general _cedited by John F. W. Herschel |
|
| 260 |
_aLondon _bJ. Murray _c1859 |
||
| 300 | _axvi, 392 p. | ||
| 650 |
_aEarth and Environmental Sciences _9369 |
||
| 650 |
_aEarth science _9370 |
||
| 700 |
_aHerschel, John F. W., ed. _9371 |
||
| 942 | _cBK | ||
| 999 |
_c186 _d186 |
||